| 000 | 00000nam 2200000za 4500 |
| 001 | 9.840921 |
| 003 | CaOODSP |
| 005 | 20221107151949 |
| 007 | cr ||||||||||| |
| 008 | 170802s1989 onc |o f|0| 0 eng d |
| 040 | |aCaOODSP|beng |
| 043 | |an-cn--- |
| 086 | 1 |aCS12-0043/2E-PDF |
| 100 | 1 |aMurphy, Kevin. |
| 245 | 10|aGuidelines for working with cycle three normalized record structure files and its multiple weighting factors |h[electronic resource] / |cKevin Murphy ; Dave Paton ; Edward Praught. |
| 260 | |a[Ottawa] : |bStatistics Canada, |c1989. |
| 300 | |a[44] p. |
| 490 | 1 |aWorking paper ; |vno. 2 |
| 500 | |aIssued also in French under title: Lignes directrices du travail avec les fichiers de structure normalisée des enregistrements et les facteurs multiples de pondération du cycle trois. |
| 500 | |aDigitized edition from print [produced by Statistics Canada]. |
| 500 | |a"January, 1989." |
| 520 | |a"The normal analysis file structure of one fixed length record per respondent does not represent the most efficient data model for the analysis file for Cycle 3 of the General Social Survey. This is because the amount of data collected for a respondent depends on the number of crime and accident incident reports that have been completed. After reviewing various alternatives it was decided to use a normalized record structure data model"--p. 1. |
| 692 | 07|2gccst|aMethodology |
| 692 | 07|2gccst|aStatistical analysis |
| 692 | 07|2gccst|aSurveys |
| 700 | 1 |aPaton, Dave. |
| 700 | 1 |aPraught, Ed. |
| 710 | 2 |aStatistics Canada. |
| 775 | 08|tLignes directrices du travail avec les fichiers de structure normalisée des enregistrements et les facteurs multiples de pondération du cycle trois |w(CaOODSP)9.840924 |
| 830 | #0|aWorking paper (General Social Survey (Canada))|vno. 2|w(CaOODSP)9.835228 |
| 856 | 40|qPDF|s6.49 MB|uhttps://publications.gc.ca/collections/collection_2017/statcan/12-0043/CS12-0043-2-eng.pdf |
| 986 | |a12F0043E no. 2 |